| 000 | 00948nam a2200301 i 4500 | ||
|---|---|---|---|
| 003 | EG-GICUC | ||
| 005 | 20260424112808.0 | ||
| 008 | 260424s19751976fr |||fr|||| 00| 0 fre d | ||
| 020 | _a2247023576 | ||
| 040 |
_aEG-GiCUC _bfre _cEG-GiCUC _dEG-GiCUC _eRda |
||
| 082 | 0 | 4 |
_221 _a343.37224 _bCO |
| 092 | 0 | 4 | _221 |
| 099 | _aLaw1 10 343.37224 CO 1975 | ||
| 245 | 0 | 0 |
_aCode De Procédure Pénale : _bCode De Justice Militaire. |
| 250 | _aDix-septième Édition | ||
| 264 | 1 |
_aParis : _bTurisprudence Générale Dalloz, _c1975. |
|
| 300 |
_aVi - Viii, 816 page; _c 24 cm. |
||
| 336 |
_2rda contenu _a texte |
||
| 337 |
_2rda medias _aOrdinateur |
||
| 338 |
_2 transporteur rda _a Ressource en ligne |
||
| 490 | _aPetits Codes Dalloz | ||
| 650 | 1 |
_aJustice Militaire _2qrmak |
|
| 650 | 1 |
_aDroit De Pénal _2qrmak |
|
| 651 | 1 | _2qrmak | |
| 856 | 4 | 0 | _uhttps://fll.law.cu.edu.eg/fulltext/bks/B10-10592.pdf |
| 905 | _a54 | ||
| 942 |
_2ddc _cBK _e21 _n0 |
||
| 999 |
_c73273 _d73273 |
||